00590nam a22001577a 4500003000400000008004100004082001600045245008500061260005100146300001200197650003200209650002300241942001200264999001700276952013900293OSt250108b1954 |||||||| |||| 00| 0 eng d a370.1bEDU- aEducation for perfection :bswami sivananda's address at university of roorkee / aUttarakhand :bThe Divine Life Society,c1954. a40 p. ; aMoral and Ethical Education aHolistic Education 2ddccBK c21192d21192 00102ddc4070aSOBDbSOBDd2024-12-13eThe Divine Life SocietyfINRg25.00o370.1 EDU-1p006954r2025-01-08t1w2024-12-13yBKk3458